[Event "Vlissingen HZ op 24th"]
[Site "Vlissingen"]
[Date "2022.08.06"]
[Round "1"]
[White "Beerdsen, Thomas"]
[Black "Arnold, Kiri"]
[Result "1-0"]
[WhiteElo "2513"]
[BlackElo "1898"]
[PlyCount "57"]
[EventDate "2022.08.06"]
[EventType "swiss"]
[EventRounds "9"]
[EventCountry "NED"]
[SourceTitle "CBM 209 Extra"]
[Source "ChessBase"]
[SourceDate "2022.09.30"]
[SourceVersion "1"]
[SourceVersionDate "2022.09.30"]
[SourceQuality "1"]

1. e4 c5 2. Nf3 Nc6 3. Bc4 e6 4. 0-0 Nf6 5. Re1 d6 6. Bb3 Be7 7. c3 0-0 8. d4 d5 9. e5 Ne8 10. Nbd2 cxd4 11. cxd4 Qb6 12. Nf1 Bd7 13. Bc2 f5 14. exf6 Nxf6 15. Ng3 Rae8 16. Bg5 Bd6 17. Re3 Kh8 18. Ne5 Qc7 19. Bxf6 Rxf6 20. Qh5 h6 21. Ng4 Ref8 22. Nxf6 Rxf6 23. Ne2 Nxd4 24. Nxd4 Bc5 25. Rc3 Rxf2 26. Kh1 Qf4 27. Nf3 Bd4 28. Rc8+ Bxc8 29. Qe8+ 1-0

[Event "World Corporate East A"]
[Site "Chess.com INT"]
[Date "2021.02.20"]
[Round "4.8"]
[White "Taborska, Veronika"]
[Black "Arnold, Kiri"]
[Result "1-0"]
[WhiteElo "2002"]
[BlackElo "1727"]
[PlyCount "73"]
[EventDate "2021.02.19"]
[EventType "team (rapid)"]
[EventRounds "7"]
[EventCountry "USA"]
[SourceTitle "EXT 2022"]
[Source "ChessBase"]
[SourceDate "2021.10.06"]
[SourceVersion "1"]
[SourceVersionDate "2021.10.06"]
[SourceQuality "1"]
[WhiteTeam "NESS"]
[BlackTeam "Eindhoven"]
[WhiteTeamCountry "CZE"]
[BlackTeamCountry "NED"]

1. d4 Nf6 2. c4 c5 3. d5 b5 4. cxb5 a6 5. Nc3 axb5 6. e4 b4 7. Nb5 d6 8. Bc4 Nxe4 9. Qe2 f5 10. f3 Nf6 11. Bf4 e5 12. dxe6 Be7 13. Nh3 0-0 14. 0-0 d5 15. Rfd1 d4 16. Ng5 Na6 17. Nf7 Qb6 18. Nfd6 Rd8 19. Nxf5 Kf8 20. Nbd6 Bb7 21. Nxe7 Kxe7 22. Nf5+ Ke8 23. Nxg7+ Ke7 24. Nf5+ Ke8 25. e7 Rd7 26. Be6 Rxe7 27. Nxe7 Kxe7 28. Bf5+ Kf7 29. Qf2 Re8 30. Re1 c4 31. Rxe8 Nxe8 32. Re1 Bd5 33. Kh1 Nac7 34. Qh4 d3 35. Qxh7+ Kf6 36. Be5+ Kg5 37. h4# 1-0

[Event "EU-ch Online U16 Girls"]
[Site "Tornelo INT"]
[Date "2020.09.19"]
[Round "5"]
[White "Arnold, Kiri"]
[Black "Karavitaki, Evaggelia"]
[Result "1/2-1/2"]
[WhiteElo "1727"]
[BlackElo "1374"]
[PlyCount "139"]
[EventDate "2020.09.18"]
[EventType "swiss (rapid)"]
[EventRounds "9"]
[EventCountry "NET"]
[SourceTitle "EXT 2023"]
[Source "ChessBase"]
[SourceDate "2022.10.05"]
[SourceVersion "1"]
[SourceVersionDate "2022.10.05"]
[SourceQuality "1"]
[WhiteTeam "Netherlands"]
[BlackTeam "Greece"]
[WhiteTeamCountry "NED"]
[BlackTeamCountry "GRE"]

1. e4 c5 2. Nc3 Nc6 3. Nf3 e6 4. d4 cxd4 5. Nxd4 a6 6. g3 Qc7 7. Bg2 Nf6 8. 0-0 Bc5 9. Nxc6 bxc6 10. Re1 e5 11. Bg5 Be7 12. Qe2 0-0 13. Rad1 Rb8 14. Na4 h6 15. Bc1 d6 16. h3 a5 17. b3 Be6 18. c4 Rfd8 19. Nc3 Ra8 20. Kh2 Qc8 21. Ba3 Nh7 22. h4 Nf6 23. Rd2 Ng4+ 24. Kg1 f5 25. Red1 Qc7 26. exf5 Bxf5 27. Ne4 Bxe4 28. Qxe4 Nf6 29. Qxc6 Qxc6 30. Bxc6 Ra6 31. Bb5 Rb6 32. Bb2 Rbb8 33. Kg2 Kf7 34. f3 Ke6 35. Bc3 Ra8 36. Re1 Kf7 37. Red1 Ke6 38. f4 Ne4 39. Rd3 Nxc3 40. Rxc3 exf4 41. Re1+ Kf7 42. Rf3 Bf6 43. Rxf4 Ra7 44. Bc6 Re7 45. Rxe7+ Kxe7 46. Re4+ Kf8 47. Rf4 Ke7 48. Rf3 Be5 49. a3 Rb8 50. Bb5 Bb2 51. Re3+ Kf6 52. b4 axb4 53. axb4 d5 54. Ba6 dxc4 55. Bxc4 Rxb4 56. Be2 Bd4 57. Rf3+ Ke7 58. Kh3 Bf6 59. Ra3 Rb2 60. Re3+ Kf7 61. Bc4+ Kg6 62. Bd3+ Kf7 63. Bc4+ Kg6 64. Rd3 Rb4 65. Bg8 Rd4 66. Ra3 Rd8 67. Ba2 Be5 68. Bb1+ Kf6 69. Ra6+ Rd6 70. Rxd6+ 1/2-1/2

[Event "EU-ch Online U16 Girls"]
[Site "Tornelo INT"]
[Date "2020.09.18"]
[Round "2"]
[White "Yeshchenko, Uliana"]
[Black "Arnold, Kiri"]
[Result "1-0"]
[WhiteElo "1909"]
[BlackElo "1727"]
[PlyCount "73"]
[EventDate "2020.09.18"]
[EventType "swiss (rapid)"]
[EventRounds "9"]
[EventCountry "NET"]
[SourceTitle "EXT 2023"]
[Source "ChessBase"]
[SourceDate "2022.10.05"]
[SourceVersion "1"]
[SourceVersionDate "2022.10.05"]
[SourceQuality "1"]
[WhiteTeam "Ukraine"]
[BlackTeam "Netherlands"]
[WhiteTeamCountry "UKR"]
[BlackTeamCountry "NED"]

1. e4 c5 2. Nc3 Nc6 3. g3 g6 4. Bg2 Bg7 5. d3 d6 6. Be3 e5 7. f4 Nge7 8. Nf3 0-0 9. 0-0 Nd4 10. Qd2 Be6 11. Nh4 Qd7 12. Nd5 Bxd5 13. exd5 Qb5 14. c4 Qb6 15. Bxd4 cxd4 16. f5 Bf6 17. Be4 a5 18. Rf2 Qb4 19. Qe2 Bg5 20. f6 Nc8 21. Ng2 Ra6 22. Qg4 Be3 23. Nxe3 dxe3 24. Re2 Rb6 25. Rf1 Qc5 26. Qh4 Kh8 27. Kh1 Qd4 28. Qh6 Rg8 29. Rf5 Rxb2 30. Rh5 Rb1+ 31. Kg2 Qxe4+ 32. dxe4 gxh5 33. Qxh5 Nb6 34. Qxf7 Nxc4 35. Qe7 h6 36. f7 Rf8 37. Qxf8+ 1-0

[Event "Paleochora op 13th"]
[Site "Paleochora"]
[Date "2020.07.21"]
[Round "5"]
[White "Sohier, Julien"]
[Black "Arnold, Kiri"]
[Result "1-0"]
[WhiteElo "2253"]
[BlackElo "1804"]
[PlyCount "83"]
[EventDate "2020.07.18"]
[EventType "swiss"]
[EventRounds "9"]
[EventCountry "GRE"]
[SourceTitle "EXT 2021"]
[Source "ChessBase"]
[SourceDate "2020.10.23"]
[SourceVersion "1"]
[SourceVersionDate "2020.10.23"]
[SourceQuality "1"]

1. e4 c5 2. Nf3 Nc6 3. d4 cxd4 4. Nxd4 e5 5. Nb5 d6 6. N1c3 a6 7. Na3 Be6 8. Nc4 Rb8 9. a4 Nb4 10. Nd5 Nxd5 11. exd5 Bf5 12. Be3 Nf6 13. Be2 g6 14. 0-0 Bg7 15. Nb6 Nd7 16. a5 Nxb6 17. axb6 0-0 18. c4 Bd7 19. b4 f5 20. f3 f4 21. Bf2 Qg5 22. Kh1 Qh6 23. c5 Rf5 24. c6 Rh5 25. Bg1 Bf6 26. cxd7 Rxh2+ 27. Bxh2 Bh4 28. g4 fxg3 29. Rc1 Rf8 30. Rc8 Bd8 31. Rf2 gxf2 32. f4 Kg7 33. Kg2 Qh4 34. Bg3 Qe7 35. Bg4 exf4 36. Qd4+ Kh6 37. Bxf2 f3+ 38. Kh3 g5 39. Qe3 Qf6 40. Qe6 Qxe6 41. dxe6 Kg6 42. Rxd8 1-0

[Event "NED-ch U16 op"]
[Site "Borne"]
[Date "2019.08.08"]
[Round "6"]
[White "Arnold, Kiri"]
[Black "Mainka, Alwin"]
[Result "1/2-1/2"]
[WhiteElo "1590"]
[BlackElo "1989"]
[PlyCount "68"]
[EventDate "2019.08.05"]
[EventType "swiss"]
[EventRounds "9"]
[EventCountry "NED"]
[SourceTitle "EXT 2020"]
[Source "ChessBase"]
[SourceDate "2019.10.17"]
[SourceVersion "1"]
[SourceVersionDate "2019.10.17"]
[SourceQuality "1"]

1. e4 c5 2. Nc3 Nc6 3. g3 g6 4. Bg2 Bg7 5. d3 e6 6. f4 Nge7 7. Nf3 d5 8. 0-0 0-0 9. e5 a6 10. Kh1 b5 11. Rb1 Bb7 12. d4 cxd4 13. Nxd4 Nxd4 14. Qxd4 Rc8 15. Qf2 Qc7 16. Be3 Qc6 17. a3 Rfd8 18. Rfd1 Bf8 19. g4 Rd7 20. Bd4 a5 21. Bf1 Ba6 22. h4 b4 23. Bxa6 Qxa6 24. Na4 Rdc7 25. Nc5 Qb5 26. a4 Qe8 27. c3 Nc6 28. Na6 Rb7 29. Nc5 Bxc5 30. Bxc5 Rcb8 31. Bd6 bxc3 32. Bxb8 Qxb8 33. Qc2 Rb4 34. bxc3 Rb7 1/2-1/2

[Event "NED-ch U16 op"]
[Site "Borne"]
[Date "2019.08.06"]
[Round "2"]
[White "Arnold, Kiri"]
[Black "Maters, Arthur"]
[Result "0-1"]
[WhiteElo "1590"]
[BlackElo "2042"]
[PlyCount "98"]
[EventDate "2019.08.05"]
[EventType "swiss"]
[EventRounds "9"]
[EventCountry "NED"]
[SourceTitle "EXT 2020"]
[Source "ChessBase"]
[SourceDate "2019.10.17"]
[SourceVersion "1"]
[SourceVersionDate "2019.10.17"]
[SourceQuality "1"]

1. e4 e5 2. d4 exd4 3. c3 Qe7 4. cxd4 Qxe4+ 5. Be3 Bb4+ 6. Nc3 Nf6 7. Nf3 Nd5 8. Qd2 Bxc3 9. bxc3 Nxe3 10. fxe3 0-0 11. Bd3 Qe7 12. 0-0 d5 13. Rae1 c5 14. e4 cxd4 15. exd5 Qc5 16. cxd4 Qxd5 17. Re5 Qd6 18. Rh5 f5 19. Qc3 g6 20. Rh4 Nd7 21. Bc4+ Kg7 22. Ng5 Nf6 23. Re1 h5 24. d5 Qc5+ 25. Kh1 b5 26. Qa5 Ne4 27. Nxe4 Qxc4 28. Rf4 Bd7 29. Qc3+ Qxc3 30. Nxc3 Rac8 31. Nb1 Rc2 32. a3 Rfc8 33. Rff1 Kf6 34. Rd1 Ra2 35. Rc1 Rxc1 36. Rxc1 Ra1 37. Rd1 Ke5 38. Kg1 f4 39. Kf2 Bf5 40. Re1+ Kd6 41. Nc3 Rxe1 42. Kxe1 Bd3 43. Kf2 a5 44. Kf3 g5 45. g3 fxg3 46. hxg3 b4 47. axb4 axb4 48. Nd1 Kxd5 49. Ke3 Bc2 0-1

[Event "NED-ch U16 op"]
[Site "Borne"]
[Date "2019.08.06"]
[Round "3"]
[White "Borgelioen, Elise"]
[Black "Arnold, Kiri"]
[Result "0-1"]
[WhiteElo "1342"]
[BlackElo "1590"]
[PlyCount "84"]
[EventDate "2019.08.05"]
[EventType "swiss"]
[EventRounds "9"]
[EventCountry "NED"]
[SourceTitle "EXT 2020"]
[Source "ChessBase"]
[SourceDate "2019.10.17"]
[SourceVersion "1"]
[SourceVersionDate "2019.10.17"]
[SourceQuality "1"]

1. e4 c5 2. Nf3 Nc6 3. Bb5 Nf6 4. d3 d6 5. Bxc6+ bxc6 6. 0-0 g6 7. Be3 Bg7 8. c3 0-0 9. Nbd2 Rb8 10. Qc2 Ba6 11. Rab1 Qc7 12. Rfe1 Nd7 13. Nb3 c4 14. dxc4 Bxc4 15. Bd4 Bxb3 16. axb3 c5 17. Bxg7 Kxg7 18. c4 Qb7 19. Re3 e6 20. Rbe1 Rfd8 21. Nd2 Ne5 22. f4 Nc6 23. Kh1 Kg8 24. Qc3 Nd4 25. Rf1 Qb4 26. Qxb4 Rxb4 27. e5 dxe5 28. fxe5 Rdb8 29. Rd1 Nxb3 30. Nxb3 Rxb3 31. Rxb3 Rxb3 32. Rd2 a5 33. Kg1 Kg7 34. Kf2 a4 35. g3 a3 36. bxa3 Rxa3 37. Rc2 h5 38. h3 h4 39. gxh4 Rxh3 40. Kg2 Rxh4 41. Kf3 f6 42. exf6+ Kxf6 0-1

[Event "NED-ch U16 Girls"]
[Site "Assen"]
[Date "2018.05.01"]
[Round "3"]
[White "Arnold, Kiri"]
[Black "Hatzmann, Mirthe"]
[Result "0-1"]
[WhiteElo "1340"]
[BlackElo "1323"]
[PlyCount "106"]
[EventDate "2018.04.29"]
[EventType "swiss"]
[EventRounds "7"]
[EventCountry "NED"]
[SourceTitle "CBM 184 Extra"]
[Source "ChessBase"]
[SourceDate "2018.06.28"]
[SourceVersion "1"]
[SourceVersionDate "2018.06.28"]
[SourceQuality "1"]

1. e4 e5 2. d4 exd4 3. c3 dxc3 4. Nxc3 Nc6 5. Bc4 Bb4 6. Nf3 Nge7 7. 0-0 Bxc3 8. bxc3 0-0 9. Bg5 d6 10. h3 h6 11. Bh4 Qd7 12. Re1 Ng6 13. Bg3 Nge5 14. Bb3 Qe7 15. Kh2 Qf6 16. Nh4 Ng6 17. Nxg6 Qxg6 18. f4 Qf6 19. Qd3 Qg6 20. Rad1 Kh8 21. Bc2 Re8 22. Qe2 Qe6 23. Bb3 Qe7 24. Qf3 Be6 25. c4 Na5 26. Qc3 Nxb3 27. axb3 Rad8 28. Bf2 Bc8 29. Bd4 Rg8 30. Ra1 a6 31. Qd2 Qd7 32. f5 f6 33. Rad1 Qf7 34. Qe2 Rge8 35. Qf3 b5 36. cxb5 axb5 37. Rc1 Bb7 38. Qg4 Re7 39. b4 Rde8 40. Qe2 Rxe4 41. Qxb5 Rxe1 42. Rxe1 Rxe1 43. Qxb7 Qd7 44. Qf3 d5 45. Qg3 Qd6 46. Qxd6 cxd6 47. b5 Rd1 48. Bf2 Rb1 49. b6 Rb4 50. Bg1 d4 51. b7 d3 52. Be3 Rxb7 53. Kg1 Rb2 0-1

[Event "NED-ch U16 Girls"]
[Site "Assen"]
[Date "2018.04.29"]
[Round "1"]
[White "Arnold, Kiri"]
[Black "Huang, Wendy"]
[Result "0-1"]
[WhiteElo "1340"]
[BlackElo "1572"]
[PlyCount "54"]
[EventDate "2018.04.29"]
[EventType "swiss"]
[EventRounds "7"]
[EventCountry "NED"]
[SourceTitle "CBM 184 Extra"]
[Source "ChessBase"]
[SourceDate "2018.06.28"]
[SourceVersion "1"]
[SourceVersionDate "2018.06.28"]
[SourceQuality "1"]

1. e4 e5 2. d4 exd4 3. c3 Nc6 4. cxd4 d5 5. e5 Bf5 6. Nc3 Nb4 7. Bb5+ c6 8. Ba4 Qb6 9. Nge2 Nd3+ 10. Kf1 Ne7 11. Bc2 Qa6 12. Bxd3 Bxd3 13. Ke1 Ng6 14. Nf4 Nxf4 15. Bxf4 Be7 16. Qd2 0-0 17. Be3 Bb4 18. a3 Bg6 19. Bf4 Rfe8 20. Kd1 c5 21. Rc1 Bxc3 22. Rxc3 Qa4+ 23. Ke1 cxd4 24. Rc5 d3 25. f3 Rac8 26. Qc1 Rxc5 27. Qxc5 Qxf4 0-1

[Event "NED-ch U14 Girls"]
[Site "Assen"]
[Date "2017.04.28"]
[Round "8"]
[White "Arnold, Kiri"]
[Black "Mang, Dalya"]
[Result "1/2-1/2"]
[WhiteElo "1104"]
[BlackElo "1000"]
[PlyCount "96"]
[EventDate "2017.04.23"]
[EventType "swiss"]
[EventRounds "9"]
[EventCountry "NED"]
[SourceTitle "CBM 178 Extra"]
[Source "ChessBase"]
[SourceDate "2017.06.22"]
[SourceVersion "1"]
[SourceVersionDate "2017.06.22"]
[SourceQuality "1"]

1. e4 e5 2. Nf3 Nc6 3. Bb5 a6 4. Ba4 Nf6 5. d3 Bc5 6. c3 d6 7. d4 exd4 8. cxd4 Bb4+ 9. Bd2 0-0 10. 0-0 Nxe4 11. Bxc6 Nxd2 12. Bxb7 Bxb7 13. Nbxd2 Bxd2 14. Nxd2 Qh4 15. Nb3 Qg5 16. f3 Rfe8 17. Qc1 Qd8 18. Qc3 Rc8 19. Qd2 Re6 20. Rae1 Rg6 21. Qe3 h6 22. Qf4 Qd7 23. Kh1 Re8 24. Rxe8+ Qxe8 25. Qd2 Bd5 26. Re1 Qc6 27. Rc1 Qb6 28. Qe3 Qb5 29. Re1 Re6 30. Qd2 Kf8 31. Rc1 c6 32. Qc3 Re2 33. h3 Bxb3 34. axb3 Qg5 35. Rg1 Qd5 36. Rc1 Qg5 37. Rg1 c5 38. dxc5 dxc5 39. Qa5 Rxb2 40. Qxa6 Kg8 41. Qc4 Qe3 42. Qa6 Qe5 43. Qc4 Ra2 44. Qd3 Qb8 45. Qc4 Qb4 46. Rc1 Qd2 47. Rg1 Rc2 48. Qe4 Kf8 1/2-1/2

[Event "NED-ch U14 Girls"]
[Site "Assen"]
[Date "2017.04.26"]
[Round "5"]
[White "Arnold, Kiri"]
[Black "Stevanovic, Alexandra"]
[Result "1-0"]
[WhiteElo "1104"]
[BlackElo "839"]
[PlyCount "123"]
[EventDate "2017.04.23"]
[EventType "swiss"]
[EventRounds "9"]
[EventCountry "NED"]
[SourceTitle "CBM 178 Extra"]
[Source "ChessBase"]
[SourceDate "2017.06.22"]
[SourceVersion "1"]
[SourceVersionDate "2017.06.22"]
[SourceQuality "1"]

1. e4 e5 2. Nf3 Nc6 3. Bb5 Nf6 4. d3 Bc5 5. c3 d6 6. h3 Bd7 7. Nbd2 a6 8. Ba4 0-0 9. Nf1 h6 10. Ng3 Ne7 11. Bb3 Be6 12. Bc2 Ng6 13. 0-0 Ne8 14. Bd2 Nh4 15. a3 Qf6 16. Nxh4 Qxh4 17. Qf3 Qf6 18. Qh5 Qg6 19. Qxg6 fxg6 20. b4 Bb6 21. Rad1 c6 22. Bc1 Rd8 23. d4 Nc7 24. Be3 exd4 25. Bxd4 Bxd4 26. cxd4 Bc4 27. Bd3 Bb3 28. Rb1 Ba4 29. Rfe1 Bb5 30. Rbd1 Bxd3 31. Rxd3 Nb5 32. Ne2 Rde8 33. Ng3 Rf7 34. a4 Nc7 35. Nf1 Ref8 36. Re2 Ne6 37. g3 h5 38. h4 g5 39. d5 Nd8 40. hxg5 Rd7 41. Nd2 Re8 42. Ree3 Nf7 43. Nf3 Ne5 44. Nxe5 dxe5 45. dxc6 Rxd3 46. Rxd3 bxc6 47. Rd6 Rc8 48. Re6 Rb8 49. Rxc6 Rxb4 50. Rxa6 Rxe4 51. Kg2 Kf8 52. a5 Ke8 53. Ra8+ Kd7 54. a6 Kc7 55. a7 Kb7 56. Rg8 Kxa7 57. Rxg7+ Kb8 58. g6 Rg4 59. Rg8+ Kc7 60. g7 Kd7 61. Ra8 Rxg7 62. Ra7+ 1-0

[Event "NED-ch U14 Girls"]
[Site "Assen"]
[Date "2017.04.23"]
[Round "1"]
[White "Arnold, Kiri"]
[Black "Mang, Jessie"]
[Result "0-1"]
[WhiteElo "1104"]
[BlackElo "1552"]
[PlyCount "52"]
[EventDate "2017.04.23"]
[EventType "swiss"]
[EventRounds "9"]
[EventCountry "NED"]
[SourceTitle "CBM 178 Extra"]
[Source "ChessBase"]
[SourceDate "2017.06.22"]
[SourceVersion "1"]
[SourceVersionDate "2017.06.22"]
[SourceQuality "1"]

1. e4 c5 2. Nc3 d6 3. g3 g6 4. Bg2 Bg7 5. d3 e6 6. f4 Ne7 7. Nf3 0-0 8. 0-0 Nbc6 9. Be3 b6 10. h3 d5 11. Bf2 Bb7 12. a3 Qd7 13. Qc1 Rfd8 14. g4 f5 15. e5 h6 16. Bh4 Rf8 17. Bf2 d4 18. Ne2 Nd5 19. Nh4 Kh7 20. Kh1 Rf7 21. Qe1 fxg4 22. hxg4 Nxf4 23. Be4 Nxe5 24. Nxf4 Rxf4 25. Rg1 Bxe4+ 26. dxe4 Qb7 0-1